[Event "AUTO-MASTER-3264"]
[Site "http://www.queenalice.com/game.php?id=1857060"]
[Date "2025.5.9"]
[Round "1"]
[White "WoodpusherKid"]
[Black "Olipika"]
[Result "1-0"]
[WhiteElo "2208"]
[BlackElo "1924"]

1. d4 Nf6 2. Nf3 g6 3. c4 Bg7 4. Nc3 d5 5. cxd5 Nxd5 6. e4 Nxc3 7. bxc3 c5 8.
Be3 Nc6 9. h3 Qa5 10. Bd2 Qa3 11. d5 Bxc3 12. dxc6 Bxa1 13. Qxa1 Rg8 14. cxb7
Bxb7 15. Bb5+ Kf8 16. Bh6+ 1-0

[Event "AUTO-MASTER-3269"]
[Site "http://www.queenalice.com/game.php?id=1858988"]
[Date "2025.6.22"]
[Round "1"]
[White "Olipika"]
[Black "IranSilva"]
[Result "0-1"]
[WhiteElo "1931"]
[BlackElo "2238"]

1. c4 b6 2. Nf3 Bb7 3. d4 e6 4. a3 Nf6 5. Nc3 d5 6. Bg5 Be7 7. h3 O-O 8. e3 Nbd7
9. Bf4 c5 10. b4 cxd4 11. cxd5 dxc3 12. d6 Bxf3 13. Qxf3 e5 14. dxe7 Qxe7 15.
Bh2 e4 16. Qd1 Rac8 17. Rc1 Rfd8 18. Qb3 Ne5 19. Rxc3 Rxc3 20. Qxc3 Nd3+ 21.
Bxd3 exd3 22. O-O Ne4 23. Qb2 Rc8 24. Rd1 d2 25. f3 Nc3 26. Rxd2 Qxe3+ 27. Kf1
Na4 28. Qd4 Rc1+ 0-1

[Event "AUTO-MASTER-3269"]
[Site "http://www.queenalice.com/game.php?id=1858989"]
[Date "2025.6.22"]
[Round "1"]
[White "IranSilva"]
[Black "Olipika"]
[Result "1-0"]
[WhiteElo "2235"]
[BlackElo "1935"]

1. Nf3 c5 2. g3 g6 3. Bg2 Bg7 4. O-O Nf6 5. Nc3 O-O 6. d3 d5 7. Bd2 c4 8. e4
dxe4 9. dxe4 Nxe4 10. Nxe4 Bxb2 11. Rb1 c3 12. Bxc3 Bxc3 13. Nxc3 Qxd1 14. Rfxd1
Nd7 15. Nd5 b6 16. Nxe7+ Kg7 17. Nxc8 Raxc8 18. Rxd7 Rxc2 19. Rxa7 Re8 20. Bf1
Rc3 21. Kg2 Rd8 22. Ne5 Rf8 23. Bc4 Rc2 24. Rxf7+ Rxf7 25. Bxf7 Rc5 26. Nd7 Rc7
27. Be6 1-0

[Event "AUTO-MASTER-3269"]
[Site "http://www.queenalice.com/game.php?id=1858992"]
[Date "2025.6.22"]
[Round "1"]
[White "Olipika"]
[Black "maurice916"]
[Result "1-0"]
[WhiteElo "1906"]
[BlackElo "1872"]

1. c4 c6 2. c5 d5 3. d4 a5 4. a4 b6 5. Nf3 Nf6 6. Bf4 bxc5 7. dxc5 Bf5 8. h3 h6
9. Nc3 Na6 10. e4 dxe4 11. Qxd8+ Rxd8 12. Ne5 Bd7 13. Bxa6 e6 14. O-O-O Bxc5 15.
Bb7 Bxf2 16. Bxc6 Bxc6 17. Nxc6 Rxd1+ 18. Rxd1 O-O 19. Nxa5 e3 20. Nc4 Nd5 21.
Nxd5 exd5 22. Nxe3 Bxe3+ 23. Bxe3 Rd8 24. b3 Kf8 25. Bc5+ Ke8 26. a5 Rd7 27. Bd4
f6 28. Kb2 Kf7 29. b4 Ke6 30. Bc5 Rb7 31. a6 Rb8 32. a7 Ra8 33. Kb3 f5 34. b5
Ke5 35. b6 1-0

[Event "AUTO-MASTER-3269"]
[Site "http://www.queenalice.com/game.php?id=1858993"]
[Date "2025.6.22"]
[Round "1"]
[White "maurice916"]
[Black "Olipika"]
[Result "1/2-1/2"]
[WhiteElo "1784"]
[BlackElo "1930"]

1. Nf3 c5 2. b3 Nc6 3. Bb2 e6 4. e3 Nf6 5. Be2 Be7 6. O-O O-O 7. c4 b6 8. Nc3
Bb7 9. Qc2 Nb4 10. Qb1 h6 11. a3 Nc6 12. Rd1 a6 13. d4 cxd4 14. Nxd4 Nxd4 15.
exd4 d5 16. cxd5 exd5 17. Bf3 Nh7 18. Qf5 Nf6 19. Re1 Re8 20. Rad1 Rc8 21. Re5
Bd6 22. Rxe8+ Qxe8 23. Nxd5 Nxd5 24. Bxd5 Bxd5 25. Qxd5 Qe2 26. Rf1 Qxb2 27.
Qxd6 Rc1 28. Qd8+ Kh7 29. g3 Rc3 30. Qxb6 Rxb3 31. Qxa6 Qxd4 32. a4 Ra3 33. Qb7
Qf6 34. Qb4 Ra1 35. Rxa1 Qxa1+ 36. Kg2 g5 37. Qe4+ Kg7 38. Qc4 f6 39. Qc6 Kg6
40. Qc2+ Kf7 41. Qh7+ Ke6 42. Qxh6 Qxa4 43. Qg6 Qc6+ 44. Kh3 Qf3 45. Qe8+ Kf5
46. Qc8+ Kg6 47. Qc2+ Kg7 48. Qc7+ Kg6 1/2-1/2

[Event "AUTO-MASTER-3279"]
[Site "http://www.queenalice.com/game.php?id=1862501"]
[Date "2025.9.3"]
[Round "1"]
[White "raulzampronha"]
[Black "Olipika"]
[Result "1-0"]
[WhiteElo "2250"]
[BlackElo "1907"]

1. e4 c5 2. Nf3 Nc6 3. d4 cxd4 4. Nxd4 a6 5. Nc3 Nf6 6. Nxc6 bxc6 7. e5 Nd5 8.
Nxd5 cxd5 9. Qxd5 Bb7 10. Qxb7 h6 11. Be2 e6 12. O-O Be7 13. Qe4 d5 14. Qg4 Bf8
15. c4 Qa5 16. cxd5 Qxd5 17. Bf3 Qxe5 18. Bf4 Qc5 19. Bxa8 Qa7 20. Bc6+ 1-0

[Event "AUTO-MASTER-3279"]
[Site "http://www.queenalice.com/game.php?id=1862502"]
[Date "2025.9.3"]
[Round "1"]
[White "Olipika"]
[Black "raulzampronha"]
[Result "0-1"]
[WhiteElo "1905"]
[BlackElo "2253"]

1. c4 Nf6 2. d4 e6 3. Bg5 h6 4. Bxf6 Qxf6 5. a3 c5 6. Nf3 Nc6 7. e3 cxd4 8. exd4
g5 9. c5 Bg7 10. d5 Qxb2 11. dxc6 Qxa1 12. cxb7 Bxb7 13. Bb5 Bxf3 14. Qxd7+ Kf8
15. O-O Bd5 16. Qd6+ Kg8 17. Qe7 Bf6 18. Qc7 Kg7 19. Re1 Qd4 20. Bd7 Rhd8 21. h3
Rxd7 22. Qxd7 Qxc5 23. Nd2 Rd8 24. Nb3 Bxb3 0-1

[Event "AUTO-MASTER-3279"]
[Site "http://www.queenalice.com/game.php?id=1862518"]
[Date "2025.9.3"]
[Round "1"]
[White "Olipika"]
[Black "Capixaba789"]
[Result "0-1"]
[WhiteElo "1801"]
[BlackElo "1836"]

1. c4 e5 2. Nc3 Nf6 3. g3 d5 4. cxd5 Nxd5 5. Bg2 Nxc3 6. bxc3 c6 7. d3 Bf5 8.
Nf3 Nd7 9. O-O f6 10. Bb2 Be7 11. c4 O-O 12. Qb3 Nc5 13. Qc2 e4 14. dxe4 Bxe4
15. Qc1 Bg6 16. Qf4 a5 17. Nh4 Be8 18. Nf5 Bg6 19. Be4 Nxe4 20. Rfd1 Nd6 21.
Nxd6 Qb6 22. Bd4 Bxd6 23. Qxd6 Qa6 24. Qc5 Rac8 25. Qb6 Qa8 26. Rd2 a4 27. Rb2
Bf7 0-1

[Event "AUTO-MASTER-3279"]
[Site "http://www.queenalice.com/game.php?id=1862529"]
[Date "2025.9.3"]
[Round "1"]
[White "Olipika"]
[Black "cerenzo72"]
[Result "0-1"]
[WhiteElo "1784"]
[BlackElo "2137"]

1. c4 g6 2. g3 Bg7 3. Bg2 d6 4. Nf3 e5 5. d3 Nf6 6. O-O O-O 7. Bg5 Nbd7 8. Nc3
c6 9. Rb1 a5 10. Ne4 Qc7 11. Nxf6+ Nxf6 12. Qa4 Rb8 13. b4 b5 14. cxb5 Rxb5 15.
Rfc1 Nd5 16. bxa5 Rxa5 17. Qxc6 Qxc6 18. Rxc6 Rxa2 19. Rxd6 Nc3 20. Rb8 Ra1+ 21.
Bf1 Bh3 22. Rxf8+ Bxf8 23. Rxg6+ fxg6 24. Nd2 Nxe2+ 25. Kh1 Bxf1 26. h4 Bc5 27.
Nxf1 Rxf1+ 0-1

[Event "AUTO-MASTER-3279"]
[Site "http://www.queenalice.com/game.php?id=1862530"]
[Date "2025.9.3"]
[Round "1"]
[White "cerenzo72"]
[Black "Olipika"]
[Result "1-0"]
[WhiteElo "2141"]
[BlackElo "1924"]

1. e4 c5 2. Nf3 Nc6 3. Nc3 d6 4. d4 cxd4 5. Nxd4 a6 6. Bc4 Nf6 7. O-O Bg4 8. f3
Bh5 9. Nce2 Nxe4 10. fxe4 Nxd4 11. Qxd4 e6 12. Qf2 Rc8 13. Bd3 d5 14. exd5 Bc5
15. Be3 Bxe3 16. Qxe3 Qxd5 17. Nf4 Qg5 18. Qe4 O-O 19. Qxh7# 1-0